Loading...
| Science - Physics | 5 | 3 | 2 | 0 | 95 | 11 | 67.50 | 5 | 8 |
| Science - Other Science | 1 | 4 | 1 | 2 | 50 | 73 | 98.00 | 0 | 5 |
| Science - Chemistry | 2 | 1 | 0 | 0 | 40 | 35 | 67.00 | 2 | 3 |
| Auditory Arts | 2 | 1 | 1 | 0 | 35 | 33 | 54.67 | 2 | 3 |
| Geography | 2 | 0 | 0 | 0 | 30 | 32 | 43.00 | 1 | 2 |
| Fine Arts - Other Arts | 2 | 0 | 2 | 0 | 20 | 27 | 57.50 | 1 | 2 |
| Current Events | 0 | 2 | 0 | 0 | 20 | 89 | 94.50 | 0 | 2 |
| Beliefs | 1 | 1 | 1 | 1 | 20 | 80 | 104.00 | 1 | 2 |
| Science - Biology | 0 | 2 | 0 | 1 | 20 | 78 | 97.00 | 1 | 2 |
| Visual Arts | 1 | 0 | 0 | 0 | 15 | 88 | 88.00 | 0 | 1 |
| Other Academic | 1 | 0 | 0 | 0 | 15 | 70 | 70.00 | 1 | 1 |
| History - Ancient History | 0 | 1 | 0 | 0 | 10 | 111 | 111.00 | 1 | 1 |
| History - World History | 0 | 0 | 2 | 0 | -10 | 0.00 | 0 | 0 |